000 00339nam a22001457a 4500
003 OSt
008 201120b ||||| |||| 00| 0 eng d
100 _aSOMMERVILLE, Ian
245 _aSoftware Engineering
250 _a10th ed
260 _aNew Delhi
_bPearson
_c2019
300 _a808
650 _aB.Sc Computer Science
942 _2ddc
_cBK
999 _c9318
_d9318